VÝSKUM SLOVANSKÉHO POHREBISKA V ZÁVADE

Bibliographic Details
Main Author: Bialeková, Darina, 1934- (Author)
Format: Article
Language:Slovak

MARC

LEADER 00000nab a2200000 a 4500
001 vtls010714456
003 SK-MaSNL
005 20260304185654.0
008 250709s1977 xo |||||||||||||||||slo|
035 |a (urnnbn)urn:nbn:sk:snk:ar-a04dg4 
035 |a (uuid)4f80319c-ad4c-45e2-9bbc-ac71171996f1 
035 |a urn:nbn:sk:snk-ab3gwx 
040 |a SNKBUCL  |b slo  |c SNKBUCL  |e AACR2 
041 0 |a slo 
044 |a xo  |c SK 
100 1 |a Bialeková, Darina,  |d 1934-  |4 aut  |9 39457 
245 1 0 |a VÝSKUM SLOVANSKÉHO POHREBISKA V ZÁVADE  |c Darina Bialeková 
773 0 |t Archeologické výskumy a nálezy na Slovensku v roku ...  |g Roč. 3, č. 3 (1977), s. 62-64 
850 |a Slovenská národná knižnica 
852 |a Slovenská národná knižnica 
954 |a odborná, vedecká literatúra pôvodná (slovenská)  |2 lita 
958 |a article1 
958 |a OND 
958 |a EUIPO 
999 |c 3045288  |d 3047218